| 000 | 00715nam a2200217 u 4500 | ||
|---|---|---|---|
| 005 | 20240806064038.0 | ||
| 008 | 150512s2006 es r 000 0 spa d | ||
| 020 | _a8478717110 | ||
| 035 | _aUPN01000203434 | ||
| 049 | _aI | ||
| 050 | 4 |
_aPS3222 _bA8.7 |
|
| 100 | 1 |
_aWhitman, Walt, _d1819-1892 _932621 |
|
| 245 | 1 | 3 |
_aEl astrónomo / _cWalt Whitman ; il. Loren Long ; tr. Miguel Angel Mendo. |
| 260 |
_aBarcelona [Esp.] : _bSerres : _bRBA, _c2006. |
||
| 300 |
_a[31] p. : _bprincipalmente il. col. |
||
| 534 |
_pTitulo original: _tWhen I heard the learn'd astronomer |
||
| 650 | 4 |
_aLiteratura estadounidense _95229 |
|
| 650 | 7 |
_aLibros ilustrados para niños _2 _921365 |
|
| 905 | _aInfantil | ||
| 999 |
_c175535 _d175535 |
||